00904nam a2200205Ia 4500001000700000003000900007005001700016008004700033040004900080041000800129111012300137245013600260260007300396300001600469650002400485650004600509942001200555999001900567952011200586114601DR-UNIBE20260427110837.026042721998 sz spa spa cBIBLIOTECA UNIBEerdaaBIBLIOTECA UNIBEbspa aspa2 aConvenio sobre la Distribución Señales Portadas de Programas Transmitidas por Satélite (1974 : Bruselas)920436210aConvenio sobre la distribución señales portadas de programas transmitidas por satélite : hecho en Bruselas el 21 mayo de 19744 aGinebra : bOrganización Mudial de la Propiedad Intelectual,c19984 a9 páginas aConvenios (Derecho) aTelecomunicaciónxLegislación9204366 2ddccMX c114601d114601 00102ddc40708FOLaPrincipald2026-01-01l0oF 5820pF250196r2026-04-27 11:09:46tEj. 1w2026-04-27yMX